000 00190 a2200097 4500
020 _a9788401336393
041 _aspa
100 _aAriza luis miguel
245 _aProyecto lazaro
942 _cBK
999 _c10757
_d10757